| 000 | 00368nam a22001457a 4500 | ||
|---|---|---|---|
| 020 | _a9781440599910 | ||
| 040 | _cnust | ||
| 082 |
_a649.132 _bERW |
||
| 100 |
_aEdD, karres Shearin. V Erika _9122936 |
||
| 110 |
_aBranstetter, Rebecca _9122937 |
||
| 245 | _aRaising Girls | ||
| 260 |
_aUSA: _bAdams Media, _c2017 |
||
| 650 |
_aRaising Girls _9122938 |
||
| 942 |
_2ddc _cBK |
||
| 999 |
_c609310 _d609310 |
||